Pilkington United Kingdom Limited v CGU Insurance plc (Record no. 74239)
[ view plain ]
| 000 -LEADER | |
|---|---|
| fixed length control field | 01832cab a2200229 4500 |
| 001 - CONTROL NUMBER | |
| control field | ABS67479 |
| 008 - FIXED-LENGTH DATA ELEMENTS--GENERAL INFORMATION | |
| fixed length control field | 040304n2004 000 0 eng u |
| 035 ## - SYSTEM CONTROL NUMBER | |
| System control number | (Sirsi) u125333 |
| 245 ## - TITLE STATEMENT | |
| Title | Pilkington United Kingdom Limited v CGU Insurance plc |
| 260 ## - PUBLICATION, DISTRIBUTION, ETC. | |
| Date of publication, distribution, etc. | 2004 |
| 490 ## - SERIES STATEMENT | |
| Series statement | Building Law Reports |
| Volume/sequential designation | [2004] BLR 97-110(14) |
| 520 ## - SUMMARY, ETC. | |
| Summary, etc. | [2004] EWCA Civ 23, 28 January 2004. The Tarmac Group (T) had installed glass panels, manufactured by Pilkington (P), in the roof and vertical panelling of the Eurostar (E) terminal at Waterloo Station. A small number then fractured in-situ, causing no personal injury or damage to the fabric of the terminal. E, anxious about future injuries, temporarily closed the terminal, commissioned a technical investigation and installed safety features under the panels. In February 2000 E commenced proceedings against T, who served a Part 20 claim on P claiming indemnity. P notified C G U (C) who rejected claim as falling outside policy cover. The dispute was settled by mediation and P contributed to the overall settlement but commenced proceedings against C to recover its contribution plus costs. P claimed the terminal was physically damaged by the installation of defective panels and the public was at future risk. "Held": the appeal was dismissed on the grounds that a defect or deterioration in a thing is not necessarily damage in itself. View judgment at www.courtservice.gov.uk. |
| 590 ## - LOCAL NOTE (RLIN) | |
| Local note | ABS |
| 650 ## - SUBJECT ADDED ENTRY--TOPICAL TERM | |
| Topical term or geographic name entry element | PILKINGTON UK LTD V C G U INSURANCE PLC |
| 650 ## - SUBJECT ADDED ENTRY--TOPICAL TERM | |
| Topical term or geographic name entry element | MEDIATION |
| 650 ## - SUBJECT ADDED ENTRY--TOPICAL TERM | |
| Topical term or geographic name entry element | CLADDING |
| 650 ## - SUBJECT ADDED ENTRY--TOPICAL TERM | |
| Topical term or geographic name entry element | INSURANCE CLAIMS |
| 650 ## - SUBJECT ADDED ENTRY--TOPICAL TERM | |
| Topical term or geographic name entry element | CONSTRUCTION DISPUTES |
| 690 ## - LOCAL SUBJECT ADDED ENTRY--TOPICAL TERM (OCLC, RLIN) | |
| Topical term or geographic name as entry element | BUILT ENVIRONMENT-BUILDING PATHOLOGY |
| 856 ## - ELECTRONIC LOCATION AND ACCESS | |
| Uniform Resource Identifier | <a href="https://www.courtservice.gov.uk/judgmentsfiles/j2237/pilkington-v-cgu_insurance.htm">https://www.courtservice.gov.uk/judgmentsfiles/j2237/pilkington-v-cgu_insurance.htm</a> |
| Public note | View judgment on the Court Service website... |
| 942 ## - ADDED ENTRY ELEMENTS (KOHA) | |
| Suppress in OPAC | 0 |
| Withdrawn status | Lost status | Source of classification or shelving scheme | Damaged status | Not for loan | Home library | Current library | Shelving location | Date acquired | Total Checkouts | Full call number | Barcode | Date last seen | Copy number | Price effective from | Koha item type |
|---|---|---|---|---|---|---|---|---|---|---|---|---|---|---|---|
| Dewey Decimal Classification | London | London | Journal article | 04/03/2004 | ABS67479 | 125333-1001 | 06/08/2019 | 1 | 06/08/2019 | Law report |